Výroční zpráva 1992 Brněnské veletrhy a výstavy

Salvato in:
Dettagli Bibliografici
Natura: Libro
Lingua:ceco
tedesco
inglese
Pubblicazione: Brno Brněnské veletrhy a výstavy 1993
Edizione:1. vyd.
Tags: Aggiungi Tag
Nessun Tag, puoi essere il primo ad aggiungerne!!

MARC

LEADER 00000nam a2200000 4500
001 c003868
005 20221214083147.4
041 0 |a cze 
041 0 |a ger 
041 0 |a eng 
044 |a CZ 
245 1 0 |a Výroční zpráva 1992  |b Brněnské veletrhy a výstavy 
250 |a 1. vyd. 
264 1 |a Brno  |b Brněnské veletrhy a výstavy  |c 1993 
300 |a 63 s.